Sports Quiz

Random Sports Quiz

Chicago Bulls Leading Scorers 2000-2010 Quiz Stats

Quiz not verified by Sporcle

Challenge
Share
Tweet
Embed
Score 0/32 Timer 04:00
0 Plays Today
Points Player % Correct
16.8Derrick Rose
97.9%
19.4Derrick Rose
97.9%
20.4Jalen Rose
96.5%
22.1Jalen Rose
96.5%
13.3Jalen Rose
96.5%
15.1Ben Gordon
92.4%
16.9Ben Gordon
92.4%
21.4Ben Gordon
92.4%
18.6Ben Gordon
92.4%
20.7Ben Gordon
92.4%
14.3Loul Deng
87.4%
18.8Loul Deng
87.4%
17.0Loul Deng
87.4%
17.9Loul Deng
87.4%
15.7Kirk Hinrich
85.5%
15.9Kirk Hinrich
85.5%
Points Player % Correct
16.6Kirk Hinrich
85.5%
11.3Joakim Noah
75.9%
20.1Elton Brand
66.6%
14.7Eddy Curry
65%
16.1Eddy Curry
65%
18.3John Salmons
54%
13.3John Salmons
54%
11.9Ron Artest
48.9%
9.3Jamal Crawford
40.2%
17.3Jamal Crawford
40.2%
19.7Ron Mercer
35.1%
12.3Marcus Fizer
27.1%
11.7Marcus Fizer
27.1%
14.0Drew Gooden
18.1%
13.4Donyell Marshall
10.2%
13.5Jannero Pargo
8.9%

You're not logged in!

Compare scores with friends on all Sporcle quizzes.
Join for Free
OR
Log In

You Might Also Like...

Show Comments

Extras

Top Quizzes Today


Score Distribution

Your Account Isn't Verified!

In order to create a playlist on Sporcle, you need to verify the email address you used during registration. Go to your Sporcle Settings to finish the process.

Report this User

Report this user for behavior that violates our Community Guidelines.

Details: